书目信息 |
| 题名: |
中国农业作物病虫害
|
|
| 作者: | 中国农业作物病虫害编辑委员会 编 | |
| 分册: | 上册 | |
| 出版信息: | 北京 农业出版社 1979.12 |
|
| 页数: | 988页 | |
| 开本: | 26cm | |
| 丛书名: | ||
| 单 册: | ||
| 中图分类: | S43 | |
| 科图分类: | ||
| 主题词: | ||
| 电子资源: | ||
| ISBN: | ||
| 000 | 00576nam0 2200181 45 | |
| 001 | 0181011819 | |
| 005 | 20061122163502.43 | |
| 010 | @b精装@dCNY11.50 | |
| 100 | @a20810111d km y0chiy0120 ea | |
| 101 | 0 | @achi |
| 105 | @a z 000yy | |
| 200 | 1 | @Azhong guo nong ye zuo wu bing chong hai@Fzhong guo nong ye zuo wu bing@a中国农业作物病虫害@h上册@f中国农业作物病虫害编辑委员会编 |
| 210 | @a北京@c农业出版社@d1979.12 | |
| 215 | @a988页@c单页插@d26cm | |
| 690 | @aS43 | |
| 701 | 0 | @a中国农业作物病虫害编辑委员会@4编 |
| 801 | @aCN@bTSTC@c20061122 | |
| 905 | @dS43@e5:1@f1@b217747 | |
| 中国农业作物病虫害.上册/中国农业作物病虫害编辑委员会编.-北京:农业出版社,1979.12 |
| 988页:单页插;26cm |
| ISBN (精装):CNY11.50 |
| ● |
| 相关链接 |
|
|
|
|
正题名:中国农业作物病虫害
索取号:S43/5:1
 
预约/预借
| 序号 | 登录号 | 条形码 | 馆藏地/架位号 | 状态 | 备注 |
| 1 | 0217747 | 000717335 | 第二样本阅览室/ [索取号:S43/5:1] | 在馆 |